000 00601nam a22001817a 4500
005 20260625120545.0
010 _aENG-146526
020 _a97899381324202
_c250.00
035 _aEN-130058
037 _bDBAD
082 _a362.1042
100 _aRAMANNA, MRIDULA
245 _aPARIS AND PUBLIC HEALTH IN COLONIAL BOMBAY: MID 19TH CENTURY TO 1930/
_cMRIDULA RAMANNA
260 _aDr. mrs. nawaz B mody for the K R Cama oriental institute
_bmumbai
270 _a136, bombay samachar marg, mumbai
_bmumbai
_e400023
300 _a140p.
_c22cm(Pbk)
942 _2ddc
_cEN
_h362.1042
_mRAM
999 _c213160
_d213160